The American quest, 1790-1860 : (Record no. 27579)
[ view plain ]
| 000 -LEADER | |
|---|---|
| fixed length control field | 00877cam a2200277 4500 |
| 001 - CONTROL NUMBER | |
| control field | 27579 |
| 003 - CONTROL NUMBER IDENTIFIER | |
| rucl marc code | BD-RjUL |
| 005 - DATE AND TIME OF LATEST TRANSACTION | |
| control field | 20211209051155.0 |
| 008 - FIXED-LENGTH DATA ELEMENTS--GENERAL INFORMATION | |
| fixed length control field | 140325r19731971nyu b 001 0 eng d |
| 020 ## - INTERNATIONAL STANDARD BOOK NUMBER | |
| International Standard Book Number | 0151061106 |
| 035 ## - SYSTEM CONTROL NUMBER | |
| System control number | (BD-RjUL) 27653 |
| 040 ## - CATALOGING SOURCE | |
| Original cataloging agency | DLC |
| Transcribing agency | DLC |
| Modifying agency | DLC |
| -- | BD-RjUL |
| Language of cataloging | eng |
| 041 ## - LANGUAGE CODE | |
| Language code of text/sound track or separate title | eng |
| 082 00 - DEWEY DECIMAL CLASSIFICATION NUMBER | |
| Classification number | 973.4 |
| Author mark and year | ROA 1973 |
| 100 1# - MAIN ENTRY--PERSONAL NAME | |
| Personal name | Rossiter, Clinton, |
| Dates associated with a name | 1917-1970. |
| 9 (RLIN) | 6248 |
| 245 14 - TITLE STATEMENT | |
| Title | The American quest, 1790-1860 : |
| Remainder of title | an emerging nation in search of identity, unity, and modernity / |
| 250 ## - EDITION STATEMENT | |
| Edition statement | 1st ed. |
| 260 ## - PUBLICATION, DISTRIBUTION, ETC. (IMPRINT) | |
| Place of publication, distribution, etc. | New York : |
| Name of publisher, distributor, etc. | Harcourt Brace Jovanovich, |
| Date of publication, distribution, etc. | 1971 [reprinted ed. 1973]. |
| 300 ## - PHYSICAL DESCRIPTION | |
| Pagination | xvi, 396 p. ; |
| Size | 22 cm. |
| 490 0# - SERIES STATEMENT | |
| Series statement | The Founding of the American Republic |
| 504 ## - BIBLIOGRAPHY, ETC. NOTE | |
| Bibliography, etc | includes Bibliography |
| 651 #0 - SUBJECT ADDED ENTRY--GEOGRAPHIC NAME | |
| Geographic name | United States |
| General subdivision | History |
| Chronological subdivision | 1783-1865. |
| 9 (RLIN) | 84708 |
| 942 ## - ADDED ENTRY ELEMENTS (KOHA) | |
| Source of classification or shelving scheme | Dewey Decimal Classification |
| Koha item type | Books |
| Lost status | Source of classification or shelving scheme | Damaged status | Not for loan | Collection code | Permanent Location | Current Location | Shelving location | Date acquired | Source of acquisition | Total Checkouts | Full call number | Date last seen | Copy number | Koha item type |
|---|---|---|---|---|---|---|---|---|---|---|---|---|---|---|
| Dewey Decimal Classification | Non-fiction | Central Library, University of Rajshahi | Central Library, University of Rajshahi | 10/07/1976 | U.S.I.S Dhaka | 973.4 ROA 1973 | 25/03/2014 | C-2 | Books | |||||
| Dewey Decimal Classification | Added to bundle | Non-fiction | Central Library, University of Rajshahi | Central Library, University of Rajshahi | Reading Room | 10/01/1976 | U.S.I.S, Dacca, Gift. | 973.4 ROA 1973 | 25/03/2014 | C-1 | Books |